[Event "Petrovskaya Ladya op"]
[Site "Peterhof"]
[Date "2008.01.08"]
[Round "6"]
[White "Kopasov, Alexander"]
[Black "Somova, Tatjana"]
[Result "1-0"]
[WhiteElo "2065"]
[BlackElo "1935"]
[PlyCount "149"]
[EventDate "2008.01.03"]
[EventType "swiss"]
[EventRounds "9"]
[EventCountry "RUS"]
[SourceTitle "CBM 122 Extra"]
[Source "ChessBase"]
[SourceDate "2008.03.04"]
[SourceVersion "1"]
[SourceVersionDate "2008.03.04"]
[SourceQuality "1"]

1. d4 d5 2. c4 e6 3. Nc3 Nf6 4. cxd5 exd5 5. Bg5 Nbd7 6. e3 Be7 7. Bd3 h6 8. Bh4 c6 9. Nge2 0-0 10. 0-0 Ne4 11. Bxe7 Qxe7 12. Bxe4 dxe4 13. Ng3 f5 14. Qe2 Nf6 15. f3 exf3 16. Rxf3 Ng4 17. Qd3 Re8 18. h3 Nf6 19. Nxf5 Bxf5 20. Qxf5 Rad8 21. Rd1 Qb4 22. Qg6 Kh8 23. Rxf6 gxf6 24. Qxh6+ Kg8 25. Qg6+ Kh8 26. Qxf6+ Kh7 27. Qh4+ Kg7 28. Qg5+ Kh7 29. Ne4 Rf8 30. Nf6+ Rxf6 31. Qxf6 Rf8 32. Qh4+ Kg7 33. Qg4+ Kh7 34. Qe2 Qe7 35. Qd3+ Kg7 36. e4 Qh4 37. Qe3 Rf6 38. e5 Rf4 39. Rd3 Re4 40. Qg3+ Qxg3 41. Rxg3+ Kf7 42. Rd3 Re2 43. Rb3 b6 44. Ra3 Rxb2 45. Rxa7+ Ke6 46. Rc7 Kd5 47. Rd7+ Kc4 48. Rd6 Rxa2 49. Rxc6+ Kxd4 50. Rxb6 Kxe5 51. Rb4 Kf5 52. Kh2 Ra3 53. h4 Kg6 54. Rb5 Re3 55. g3 Rf3 56. Kh3 Re3 57. Rg5+ Kh6 58. Rf5 Re4 59. Rf4 Re6 60. Kg4 Rg6+ 61. Kf3 Re6 62. g4 Kg6 63. h5+ Kh6 64. Kg3 Re5 65. Rf6+ Kg7 66. Rg6+ Kh7 67. Kh4 Rd5 68. Rf6 Kg7 69. Rf5 Rd6 70. Kg5 Re6 71. Ra5 Re7 72. h6+ Kh7 73. Kh5 Re6 74. g5 Rd6 75. g6+ 1-0

[Event "Petrovskaya Ladya op"]
[Site "Peterhof"]
[Date "2008.01.05"]
[Round "3"]
[White "Chernenko, Ilya"]
[Black "Somova, Tatjana"]
[Result "1-0"]
[WhiteElo "1997"]
[BlackElo "1935"]
[PlyCount "95"]
[EventDate "2008.01.03"]
[EventType "swiss"]
[EventRounds "9"]
[EventCountry "RUS"]
[SourceTitle "CBM 122 Extra"]
[Source "ChessBase"]
[SourceDate "2008.03.04"]
[SourceVersion "1"]
[SourceVersionDate "2008.03.04"]
[SourceQuality "1"]

1. c4 c6 2. d4 d5 3. Nc3 Nf6 4. Nf3 e6 5. cxd5 exd5 6. Bg5 Nbd7 7. e3 Be7 8. Bd3 h6 9. Bh4 0-0 10. Qc2 b6 11. 0-0 Re8 12. Ne5 Nxe5 13. dxe5 Ng4 14. Bg3 Bh4 15. Ne2 Bxg3 16. Nxg3 Nxe5 17. Rfd1 Qf6 18. Rac1 Bg4 19. f3 Nxf3+ 20. gxf3 Qxf3 21. Re1 Bh3 22. Qf2 Qxf2+ 23. Kxf2 Re6 24. Ne2 Rae8 25. Nf4 Rf6 26. Kg3 Bd7 27. e4 Re5 28. exd5 Rg5+ 29. Kf3 Rxd5 30. Be4 Rb5 31. Ke3 Rxb2 32. Red1 Bf5 33. Bxc6 Rxa2 34. Nd5 Re6+ 35. Kf4 g6 36. Ne3 Ra5 37. Bd5 Rf6 38. Ke5 Kg7 39. Rf1 Ra3 40. Nxf5+ Rxf5+ 41. Rxf5 gxf5 42. Rg1+ Kf8 43. Kf6 b5 44. Bxf7 Ra6+ 45. Be6 Rxe6+ 46. Kxe6 a5 47. Ra1 a4 48. Rb1 1-0

[Event "Petrovskaya Ladya op"]
[Site "Peterhof"]
[Date "2007.01.05"]
[Round "3"]
[White "Somova, Tatjana"]
[Black "Somova, Nadezda"]
[Result "1/2-1/2"]
[WhiteElo "1922"]
[BlackElo "1931"]
[PlyCount "32"]
[EventDate "2007.01.03"]
[EventType "swiss"]
[EventRounds "9"]
[EventCountry "RUS"]
[SourceTitle "CBM 116 Extra"]
[Source "ChessBase"]
[SourceDate "2007.03.07"]
[SourceVersion "1"]
[SourceVersionDate "2007.03.07"]
[SourceQuality "1"]

1. e4 c6 2. d4 d5 3. exd5 cxd5 4. c4 e6 5. Nc3 Nf6 6. Bg5 Be7 7. c5 0-0 8. Nf3 b6 9. b4 a5 10. a3 bxc5 11. dxc5 Ba6 12. b5 Bc8 13. c6 h6 14. Bf4 Bd6 15. Ne5 Qc7 16. Qd4 Ng4 1/2-1/2

[Event "Petrovskaya Ladya op"]
[Site "Peterhof"]
[Date "2007.01.04"]
[Round "2"]
[White "Kharitonov, Aleksandr"]
[Black "Somova, Tatjana"]
[Result "1-0"]
[WhiteElo "2056"]
[BlackElo "1922"]
[PlyCount "91"]
[EventDate "2007.01.03"]
[EventType "swiss"]
[EventRounds "9"]
[EventCountry "RUS"]
[SourceTitle "CBM 116 Extra"]
[Source "ChessBase"]
[SourceDate "2007.03.07"]
[SourceVersion "1"]
[SourceVersionDate "2007.03.07"]
[SourceQuality "1"]

1. d4 d5 2. Nf3 Nf6 3. c4 e6 4. Nc3 Nbd7 5. Bg5 Be7 6. e3 h6 7. Bh4 0-0 8. Bd3 dxc4 9. Bxc4 Nb6 10. Bd3 Nbd5 11. 0-0 b6 12. Rc1 Bb7 13. Qe2 c5 14. dxc5 Bxc5 15. Rfd1 Nxc3 16. Rxc3 Qe7 17. e4 e5 18. Bg3 Rfd8 19. Rdc1 Bd6 20. Nh4 Qd7 21. Bb5 Qe6 22. Bc6 Bxc6 23. Rxc6 Qxa2 24. Nf5 Bc5 25. Bxe5 Qa4 26. Bxf6 Qxc6 27. Ne7+ Bxe7 28. Rxc6 Bxf6 29. f4 Rd4 30. e5 Rad8 31. Rc2 Be7 32. g3 Bb4 33. Qb5 Bc5 34. Kg2 R4d5 35. Kh3 Bg1 36. Qa4 b5 37. Qb4 a6 38. Qa5 Ra8 39. Re2 g6 40. Qc7 Rad8 41. e6 fxe6 42. Rxe6 R5d7 43. Qc6 g5 44. Rg6+ Rg7 45. Qe6+ Kf8 46. Qf6+ 1-0